000 nam a22 7a 4500
999 _c8082
_d8082
008 171127b xxu||||| |||| 00| 0 eng d
100 _aNCERT
_94529
245 _aEconomics
260 _aNew Delhi
_bNCERT
_c2007